Cometas en el cielo / (Registro nro. 10789)

Detalles MARC
000 -LIDER
fixed length control field 01361cgm a2200481 4500
001 - NÚMERO DE CONTROL
Identificador de número de control a4305
003 - IDENTIFICACDOR DE NÚMERO DE CONTROL
control field DO-SdBNP
005 - DATE AND TIME OF LATEST TRANSACTION
control field 20230320124906.0
007 - CAMPOS FIJOS DE DESCRIPCIÓN FÍSICA
fixed length control field a4305
008 - ELEMENTOS DE LONGITUD FIJA
fixed length control field 080717s2008 sp e v mul
015 ## - NÚMERO DENTRO DE LA BIBLIOGRAFÍA NACIONAL
National bibliography number
017 ## - NÚMERO DE REGISTRO DE DERECHOS DE AUTOR
Copyright or legal deposit number
Assigning agency
020 ## - ISBN
International Standard Book Number 9788498380729
028 40 - NÚMERO DE EDITOR MUSICAL
Publisher number
Source
035 ## - NÚMERO LOCAL
System control number
040 ## - FUENTE DE CATALOGACIÓN
Agencia que crea de manera original el registro BPMSU
Idioma de catalogación spa
Agencia que realiza la transcripción BPMSU
Convenciones de la despripción
041 1# - CÓDIGOS DE OBRAS TRADUCIDAS O EN VARIOS IDIOMAS
Código del idioma del texto/archivo de sonido o separata spa
--
Código del idioma del resumen, abstract o subtítulo
--
Código del idioma del texto hablado
082 #4 - NÚMERO DE CLASIFICACIÓN DECIMAL DE DEWEY
Classification number 813
Item number H829c, 2008
Edition number 22
084 ## - OTRO NÚMERO DE CLASIFICACIÓN
Classification number
Number source
100 ## - ASIENTO PRINCIPAL -- NOMBRE PERSONAL
Nombre personal Hosseini, Khaled.
Término de relación
130 4# - ASIENTO PRINCIPAL--TITULO UNIFORME
Título uniforme The kite runner
Idioma de una obra Español-Inglés
240 ## - TITULO UNIFORME
Título uniforme The kite runner.
Idioma de una obra Español
245 10 - MENCIÓN DE TITULO
Título Cometas en el cielo /
Medio (Designación general de material)
Subtítulo
Mención de responsabilidad Khaled Hosseini ; traducido del inglés Isabel Murillo Fort.
250 ## - MENCIÓN DE EDICION
Mención de edición 11a. ed.
260 ## - PUBLICACIÓN, DISTRIBUCIÓN, ETC. (PIE DE IMPRENTA)
Lugar de publicación, distribución, etc Barcelona:
Nombre del editor, distribuidor, etc. Salamandra,
--
Fecha de publicación, distribución, etc 2008
300 ## - DESCRIPCIÓN FÍSICA
Extensión 382 p. ;
Otros detalles físicos
Dimensiones 24 cm.
490 ## - MENCIÓN DE SERIES
Mención de serie Novela
500 ## - NOTA GENERAL
Nota general Incluye datos biográficos del autor en la solapa de la cubierta
500 ## - NOTA GENERAL
Nota general
500 ## - NOTA GENERAL
Nota general
511 1# - PARTICIPANT OR PERFORMER NOTE
Participant or performer note
650 #4 - ENCABEZAMIENTO DE MATERIA--TEMÁTICO
Término temático o nombre geográfico como elemento de entrada NOVELA ESTADOUNIDENSE
650 #4 - ENCABEZAMIENTO DE MATERIA--TEMÁTICO
Término temático o nombre geográfico como elemento de entrada LITERATURA ESTADOUNIDENSE
655 #7 - INDEX TERM--GENRE/FORM
Genre/form data or focus term Drama cinematográfico
Source of term tgfbne
700 12 - ASIENTO SECUNDARIO -- NOMBRE PERSONAL
Nombre personal Murillo Fort, Isabel ,
Fechas asociadas con el nombre
Mención de responsabilidad tr.
700 1# - ASIENTO SECUNDARIO -- NOMBRE PERSONAL
Nombre personal Toub, Shaun
700 1# - ASIENTO SECUNDARIO -- NOMBRE PERSONAL
Nombre personal Ershadi, Homayoun
830 ## - ASIENTO SECUNDARIO DE SERIE--TÍTULO UNIFORME
Título uniforme Novela
910 ## - VALIDACIÓN
Validación Validado. Control de calidad MFF
942 ## - ADDED ENTRY ELEMENTS (KOHA)
Source of classification or shelving scheme Dewey Decimal Classification
Koha item type Libros
945 ## - INFORMACIÓN DE PROCESAMIENTO LOCAL
Información de procesamiento local Inventariado, 2017/MFF
956 ## - LOCAL ELECTRONIC LOCATION AND ACCESS (OCLC)
Nombre de host VMATEO
Trayectoria 10
Nombre Electrónico 20160708
Procesador de solicitud BPMSU
Instrucción 00069
Existencias
Withdrawn status Lost status Source of classification or shelving scheme Damaged status Not for loan Collection code Home library Current library Date acquired Source of acquisition Full call number Barcode Date last seen Price effective from Koha item type Copy number
    Dewey Decimal Classification     Colección General Biblioteca Pública Metropolitana Salomé Ureña Biblioteca Pública Metropolitana Salomé Ureña 07/08/2016 FUNDI BPMSU CG 813 H829c 2008 BPMSU16070293 07/08/2016 07/08/2016 Libros  
    Dewey Decimal Classification     Colección General Biblioteca Pública Metropolitana Salomé Ureña Biblioteca Pública Metropolitana Salomé Ureña 07/08/2016 FUNDI BPMSU CG 813 H829c 2008 BPMSU16070294 07/08/2016 07/08/2016 Libros e. 2